LIBRARY & INFORMATION CENTRE, KCAET, TAVANUR

ONLINE PUBLIC ACCESS CATALOGUE (OPAC)

Mechanical science vol- 4 / (Record no. 8941)

MARC details
000 -LEADER
fixed length control field 00407cam a2200169ua 4500
020 ## - INTERNATIONAL STANDARD BOOK NUMBER
ISBN 0 34036785 7
041 ## - LANGUAGE CODE
Language code of text/sound track or separate title eng
082 ## - DEWEY DECIMAL CLASSIFICATION NUMBER
Classification number 621.1
Item number RIX/ME
100 ## - MAIN ENTRY--AUTHOR NAME
Personal name Rix, M A .
245 ## - TITLE STATEMENT
Title Mechanical science vol- 4 /
250 ## - EDITION STATEMENT
Edition statement 1 /
260 ## - PUBLICATION, DISTRIBUTION, ETC. (IMPRINT)
Place of publication London :
Name of publisher Hodder and stoughton ,
Year of publication 1985.
300 ## - PHYSICAL DESCRIPTION
Number of Pages 210 ; .
942 ## - ADDED ENTRY ELEMENTS (KOHA)
Koha item type Books
Holdings
Withdrawn status Lost status Damaged status Home library Current library Date acquired Full call number Accession Number Koha item type
      KAUAET KAUAET 11/09/1986 621.1 15772 Books
free website counter